| 000 | 00368nam a2200133 a 4500 | ||
|---|---|---|---|
| 001 | 000039489 | ||
| 005 | 20201002031657.0 | ||
| 008 | 130703s1993 dr r 000 0 spa d | ||
| 040 |
_aDO-SdBNP _bspa _cBNPHU |
||
| 245 | 0 | 0 | _aReligiosidad, cultura y educación. |
| 260 |
_aSanto Domingo : _bImpretur, _c1993. |
||
| 300 |
_a46 p. ; _c22 cm. |
||
| 504 | _aBibliografía : p. 39 | ||
| 999 |
_c38979 _d38979 |
||